000 00430nam a2200157 4500
001 139535
003 ES-MaACL
005 20230906195831.0
007 t|
008 070214s1972 sp r ||||1| spa d
100 1 _aSautier Casaseca, Guillermo.
_9104020
245 1 3 _aLa pantera negra /
_cGuillermo Sautier Casaseca.
260 _aMadrid :
_bCid,
_c1972.
300 _a325 p. ;
_c17 cm.
852 _aES-MaACL
_jC-52157
_bR.84075
999 _c139535
_d139535